El nombre de la rosa /

Shranjeno v:
Bibliografske podrobnosti
Glavni avtor: Eco, Umberto (autor)
Drugi avtorji: Pochtar, Ricardo (traducción) (traducción)
Format: Knjiga
Jezik:španščina
Izdano: Barcelona, España : RBA, 1993, c1993
Serija:(Narrativa Actual RBA ; 1)
Teme:
Oznake: Označite
Brez oznak, prvi označite!

MARC

LEADER 00000nam^a2200000^a^4500
001 000346223
005 20250521000000.0
008 110707 19931993
009 20260310114739.234
020 |a 84-473-0000-5 
025 |a Donación Jorge Manzano Vargas, 1 ejemplar 
037 |a Acervo Xavier Clavigero 
041 |a ESP 
082 |a 853.  |b ECO 
100 |a Eco, Umberto  |e (autor) 
240 1 4 |a [El nombre de la rosa] 
245 1 3 |a El nombre de la rosa /  |c U. Eco ; tr. por R. Pochtar 
264 4 |a Barcelona, España :  |b RBA,  |c 1993, c1993 
300 |a 471 p. 
336 |a texto  |b txt  |2 rdacontenido 
337 |a sin mediación  |b n  |2 rdamedio 
338 |a volumen  |b nc  |2 rdasoporte 
440 1 |a (Narrativa Actual RBA ;  |v 1) 
500 |a Traducción de: Il nome della rosa 
545 0 |a Umberto Eco (1932-2016) es, probablemente, la figura del campo de la semiótica más conocida por un público amplio. Una fama que deriva, en gran medida, del éxito de El nombre de la rosa (1980), su primera novela. En el campo de la ficción vienen luego El péndulo de Foucault (1988), La isla del día antes (1994) y Baudolino (2001). El nombre de la rosa fue llevado al cine por Jean-Jacques Annaud, en 1986. 
586 |a Premio Príncipe de Asturias de Comunicación y Humanidades 2000 
586 |a Premio Strega 1981 (ganadora) 
649 |a XX 
650 |a Franciscanos en la Literatura 
650 |a Benedictinos en la Literatura 
650 |a Conventos y Monasterios en la Literatura 
650 |a Novela Histórica -  |z Italia 
650 |a Novela Italiana 
650 |a Semiótica y Literatura 
650 |a Religión y Literatura -  |z Italia 
650 |a Literatura e Historia -  |z Italia 
650 |a Literatura Policíaca y de Misterio -  |z Italia 
650 |a Literatura Italiana -  |y Siglo XX 
650 |a Edad Media -  |x Historia 
700 |a Pochtar, Ricardo  |e (traducción) 
910 |a Fondo Jorge Manzano Vargas S.J. 
920 |a Impresos - Libros 
930 |a Fondos Especiales 
940 |a Literatura 
905 |a 120 
901 |a 0500236718  |b IT2  |c ESP  |i FXC D  |u 20250521 
902 |a https://opac.biblio.iteso.mx/vufind/Record/000346223